Word Ladder: An Accusation II Quiz Stats

 Plays Quiz Updated Mar 16, 2013

Support Sporcle.
Go Orange.
Score 0/29 Timer 04:00
0 Plays Today
'Clue' 4-Letter Word % Correct
Enclosed shopping centerMALL
96.9%
Tall pole on a ship supporting the sailsMAST
96.9%
Having little wealthPOOR
94.2%
Quantity of matterMASS
94%
Underground part of a plantROOT
93.9%
Barley soaked and dried for use in brewingMALT
93.9%
Small water craftBOAT
93.4%
Shoe reaching above the ankleBOOT
92.9%
Movable panel for opening and closing an entranceDOOR
92.2%
Back part of the footHEEL
91.5%
Start of a Cluedo accusation: '___ Scarlett ...'MISS
90.7%
The skin of fruitPEEL
90.6%
Tablet of medicine to be swallowed wholePILL
90.5%
Not a hope in ___HELL
90.5%
Mound of landHILL
90.1%
'Clue' 4-Letter Word % Correct
A counting or listing of votersPOLL
86.6%
Strike repeatedly BEAT
86.1%
An assemblage of things laid or lying one upon the otherPILE
86.1%
Small pondPOOL
86%
Middle of the accusation: ' ...did it in the [6th Rung] _____...'ROOM
85.2%
Terrible fateDOOM
84.8%
A quick and furtive glancePEEK
81.8%
Middle of the accusation: '... did it in the ____ [13th Rung]...'BALL
81.5%
Onion-like vegetableLEEK
79.8%
Allow secrets to become knownLEAK
78.4%
A small piece of glass pierced for stringingBEAD
78.4%
Pod of cottonBOLL
76.6%
End of the accusation: 'with the _____ [29th Rung].'LEAD
73.3%
End of the accusation: 'with the [19th Rung] _____.'PIPE
67.1%

Today's Daily Dose

From the Vault

5 by 5 Musicians II

by lolshortee

Music 5m
Row by row rock and roll.
Remove Ads.
Support Sporcle.
Get the best of Sporcle when you Go Orange. This ad-free experience offers more features, more stats, and more fun while also helping to support Sporcle. Thank you for becoming a member.

Show Comments

Extras

Top Quizzes Today


Score Distribution

Your Account Isn't Verified!

In order to create a playlist on Sporcle, you need to verify the email address you used during registration. Go to your Sporcle Settings to finish the process.

Report this User

Report this user for behavior that violates our Community Guidelines.

Details: